| 000 | 01345nem0a2200325 4500 | ||
|---|---|---|---|
| 001 | RU\NLR\cart\8810 | ||
| 005 | 20250614031348.0 | ||
| 035 | _a(NLR Aleph) 010296383 | ||
| 090 |
_a10572536 _c10572536 |
||
| 100 | _a20130930d1938 |||y0rusy50 ca | ||
| 101 | 0 | _arus | |
| 102 | _aRU | ||
| 120 | _abyy xx|| | ||
| 123 | 1 |
_aa _b135 000 000 |
|
| 135 | _acrcn 024anaba | ||
| 200 | 1 |
_aРаспространение современных морских осадков (по Мюррею и Филиппи) _bКарты |
|
| 206 | _a1:135 000 000, 1 350 км в 1 см | ||
| 210 |
_aМосква _c1-ая Образцовая тип. _d[1938?] |
||
| 215 |
_a1 к. _cцв. _d26х36 см |
||
| 325 | 1 | _aКопия доступна в электронной библиотеке РНБ | |
| 509 | 0 | 1 |
_7ca _aМир _92633185 _3RU\NLR\auth_crt\551 |
| 606 | 0 |
_aОкеанологические _xКомплексные _92177891 _3RU\NLR\auth_crt\6680 |
|
| 620 | _aСССР | ||
| 801 | 0 |
_aRU _bNLR _c20130930 _gPSBO |
|
| 852 |
_aNLR _bК _j4-Мир 1/286 _m6103 _t6104 |
||
| 901 | _eКартографические материалы | ||
| 942 | _cMAP | ||
| 980 | _aNB | ||
| 981 | 1 | 9 | _a(19) Картографические материалы |